000 00448nam a2200181Ia 4500
001 21094
005 20260306172854.0
008 260306t2011||||xx |||||||||||||| ||spa||
041 _aESP
082 _a344
_bP42B
100 _aPeña Cabrera Freyre, Alonso
_eAUT
245 0 _aEstudios críticos de derecho penal peruano
260 _c2011
300 _a558 páginas :
_c25 cm.
650 _aGEN
654 _aCDE
942 _cLIB
_dJUS
_fJUS
_2ddc
_n
999 _c21094
_d21094